| 000 | 00705nam a22001817a 4500 | ||
|---|---|---|---|
| 005 | 20250902113834.0 | ||
| 010 | _aHIN-102654 | ||
| 035 | _aHN-130308 | ||
| 037 | _bDBAD | ||
| 082 | _aक | ||
| 245 | _aविश्व की चुनिंदा विशिष्ट कहानियां / | ||
| 250 | _a1 | ||
| 260 |
_aनई दिल्ली _bनेशनल पेपरबेक्स _c2022 |
||
| 270 |
_a4230/1 , अंसारी रोड , दरियागंज , _bनई दिल्ली _e110002 |
||
| 300 |
_a245पृ. _c22 सेमी (सजिल्द) |
||
| 700 |
_aराकेश , भारतीय _984466 |
||
| 942 |
_2ddc _cHN _hक _mविश्व |
||
| 999 |
_c213226 _d213226 |
||